[Event "CRO-ch U15"]
[Site "Trogir"]
[Date "2018.06.21"]
[Round "9"]
[White "Vranesa, Ivan"]
[Black "Pahljina, Ivo"]
[Result "1/2-1/2"]
[WhiteElo "1630"]
[BlackElo "1463"]
[PlyCount "49"]
[EventDate "2018.06.16"]
[EventType "swiss"]
[EventRounds "9"]
[EventCountry "CRO"]
[SourceTitle "EXT 2019"]
[Source "ChessBase"]
[SourceDate "2018.10.10"]
[SourceVersion "1"]
[SourceVersionDate "2018.10.10"]
[SourceQuality "1"]

1. e4 d6 2. d4 Nf6 3. Nc3 Nbd7 4. Nf3 e5 5. Bc4 Be7 6. 0-0 c6 7. a4 0-0 8. Re1 Qc7 9. h3 a5 10. Be3 h6 11. Qe2 Re8 12. Rad1 Bf8 13. dxe5 dxe5 14. Ba2 Nc5 15. Bxc5 Bxc5 16. Nd2 Be6 17. Bxe6 Rxe6 18. Nc4 Bd4 19. Nb1 Rb8 20. c3 Bc5 21. Qc2 Ree8 22. Nbd2 b5 23. axb5 cxb5 24. Ne3 Bxe3 25. Rxe3 1/2-1/2

[Event "Zagreb GP U16"]
[Site "Zagreb"]
[Date "2013.05.26"]
[Round "2"]
[White "Dutkovic, Dominik"]
[Black "Vranesa, Ivan"]
[Result "1-0"]
[WhiteElo "1771"]
[BlackElo "1600"]
[PlyCount "33"]
[EventDate "2013.05.26"]
[EventType "swiss"]
[EventRounds "6"]
[EventCountry "CRO"]
[SourceTitle "CBM 154 Extra"]
[Source "ChessBase"]
[SourceDate "2013.06.25"]
[SourceVersion "2"]
[SourceVersionDate "2013.06.25"]
[SourceQuality "1"]

1. c4 e5 2. Nc3 Nc6 3. Nf3 Nf6 4. d3 d6 5. g3 Be7 6. Bg2 0-0 7. 0-0 Bd7 8. Bd2 Qc8 9. Nd5 Nxd5 10. cxd5 Nd4 11. Nxd4 exd4 12. Rc1 Bd8 13. Qb3 Rb8 14. e3 Bg5 15. f4 dxe3 16. Bxe3 Re8 17. Bxa7 1-0